000 00638nam a22001937a 4500
999 _c166361
_d166361
005 20190722142536.0
010 _aENG-126037
020 _a9788192799919
_c1450.00
035 _aEN-109569
037 _bDBAD/PUB
082 _a599.9
100 _aReddy, V.Rami
245 _aCurrent trends in human genetics and physical anthropology /
_cby V. Rami Reddy
260 _aAndra Pradesh
_bV.Indira
_c2018
270 _a8-30, (Opp) Vidyanagar , SVUNT Colony
_bTirupati, Andra Pradesh
_e517502
300 _axii,307p
_c26cm(pbk)
500 _aIncludes bibliographical references and index
942 _2ddc
_cEN
_h599.9
_mRED